000 00695nam a22002177a 4500
005 20170124110248.0
010 _aB-063987
020 _c180.00
035 _aB-063987
037 _bCen Lib/Ret
040 _aDPL
_bEN
082 _a004
_bGUP
100 _aGupta, R.
_92309
245 _aB.Sc.(Hons.) computer science :
_bentrance examination /
_cby R.Gupta
260 _bRamesh Publishing House
_aNew Delhi
_c2000
270 _bNew Delhi
_a12-H, New Daryaganj Road, Opp.Traffic Kotwali
_e110002
300 _avarious pagings
_c22cm(Hb)
650 _aEntrance Examination -- Computer Science
_998033
650 _aComputer Science
_998034
942 _2ddc
_cEN
_h004
_mGUP
999 _c135686
_d135686